[Event "SUI-ch (Women)"]
[Site "Scuol"]
[Date "2001.07.14"]
[Round "3"]
[White "Gruenenwald, Evi"]
[Black "Sedina, Elena"]
[Result "0-1"]
[WhiteElo "2037"]
[BlackElo "2380"]
[PlyCount "86"]
[EventDate "2001.07.12"]
[EventType "tourn"]
[EventRounds "9"]
[EventCountry "SUI"]
[SourceTitle "CBM 083 Extra"]
[Source "ChessBase"]
[SourceDate "2001.09.11"]
[SourceVersion "1"]
[SourceVersionDate "2001.09.11"]
[SourceQuality "1"]

1. d4 Nf6 2. c4 c5 3. d5 b5 4. cxb5 a6 5. b6 e6 6. Nc3 Nxd5 7. Nxd5 exd5 8. Qxd5 Nc6 9. Nf3 Be7 10. Bd2 0-0 11. Bc3 Qxb6 12. e3 d6 13. Qe4 Be6 14. Bc4 Bxc4 15. Qxc4 Qb5 16. Qg4 g6 17. a4 Qb3 18. Qd7 Rac8 19. 0-0 Qe6 20. Qb7 a5 21. Qb5 d5 22. Rfe1 Rb8 23. Qe2 Bf6 24. Qd2 Nb4 25. Bxf6 Qxf6 26. Rec1 c4 27. Rc3 Nd3 28. Rb1 Rfd8 29. Nd4 Rb4 30. Ra3 Rdb8 31. Rxd3 cxd3 32. Qxd3 Rxb2 33. Rf1 R2b4 34. Qe2 Rc4 35. Qa2 Qd6 36. Nb5 Qb4 37. Nd4 Qxa4 38. Qe2 Rbc8 39. h3 Rc1 40. Kh2 Rxf1 41. Qxf1 Qc4 42. Qb1 a4 43. Qb7 Qc7+ 0-1

[Event "Baden Casino op 5th"]
[Site "Baden"]
[Date "2000.??.??"]
[Round "9"]
[White "Illi, Hans Joerg"]
[Black "Gruenenwald, Evi"]
[Result "1/2-1/2"]
[WhiteElo "2196"]
[BlackElo "2037"]
[PlyCount "43"]
[EventDate "2000.04.??"]
[EventType "swiss"]
[EventRounds "9"]
[EventCountry "SUI"]
[SourceTitle "EXT 2001"]
[Source "ChessBase"]
[SourceDate "2000.11.22"]
[SourceVersion "1"]
[SourceVersionDate "2000.11.22"]
[SourceQuality "1"]

1. e4 c5 2. Nf3 d6 3. d4 cxd4 4. Nxd4 Nf6 5. Nc3 a6 6. Bg5 e6 7. f4 h6 8. Bh4 Be7 9. Qd3 Qc7 10. 0-0-0 Nbd7 11. g4 g5 12. fxg5 Ne5 13. Qg3 Nfxg4 14. gxh6 Rxh6 15. Bxe7 Qxe7 16. Be2 Qh4 17. Bxg4 Qxg4 18. Na4 Bd7 19. Nb6 Rd8 20. Qxg4 Nxg4 21. Rhg1 Nf6 22. Rdf1 1/2-1/2

[Event "SUI-ch (Women)"]
[Site "Graechen"]
[Date "1999.??.??"]
[Round "6"]
[White "Bilinski, Vanda"]
[Black "Gruenenwald, Evi"]
[Result "0-1"]
[WhiteElo "1885"]
[BlackElo "2025"]
[PlyCount "92"]
[EventDate "1999.07.??"]
[EventType "tourn"]
[EventRounds "9"]
[EventCountry "SUI"]
[SourceTitle "EXT 2002"]
[Source "ChessBase"]
[SourceDate "2001.11.25"]
[SourceVersion "1"]
[SourceVersionDate "2001.11.25"]
[SourceQuality "1"]

1. e4 c5 2. Nc3 d6 3. g3 Nc6 4. Bg2 g6 5. d3 Bg7 6. Nge2 e6 7. 0-0 Nge7 8. Bg5 0-0 9. Qd2 Re8 10. Bh6 Bh8 11. h4 Rb8 12. h5 Nd4 13. hxg6 hxg6 14. Nd1 Nxe2+ 15. Qxe2 Nc6 16. c3 b5 17. Ne3 b4 18. Qd2 bxc3 19. bxc3 Ba6 20. Ng4 Ne5 21. Nxe5 dxe5 22. Rfd1 c4 23. dxc4 Bxc4 24. Bf1 Bxf1 25. Kxf1 Qf6 26. Qe3 Qe7 27. Qc1 Qb7 28. Qc2 Rec8 29. Rab1 Qc6 30. Rxb8 Rxb8 31. Be3 a5 32. a3 Bf6 33. Bd2 a4 34. Rb1 Qc4+ 35. Kg2 Rb3 36. Rxb3 axb3 37. Qb1 Be7 38. Qb2 Qxe4+ 39. Kf1 Qc4+ 40. Kg2 Qa4 41. Bc1 Qe4+ 42. Kf1 Qc4+ 43. Kg2 Bc5 44. Qd2 Qd5+ 45. Qxd5 exd5 46. f3 d4 0-1

[Event "Baden Casino op 3rd"]
[Site "Baden"]
[Date "1998.??.??"]
[Round "8"]
[White "Meyer, Bernhard"]
[Black "Gruenenwald, Evi"]
[Result "1-0"]
[WhiteElo "2190"]
[BlackElo "2050"]
[PlyCount "59"]
[EventDate "1998.04.10"]
[EventType "swiss"]
[EventRounds "9"]
[EventCountry "SUI"]
[SourceTitle "CBM 064 Extra"]
[Source "ChessBase"]
[SourceDate "1998.07.07"]
[SourceVersion "1"]
[SourceVersionDate "1998.07.07"]
[SourceQuality "1"]

1. Nf3 d5 2. b3 Nf6 3. Bb2 c5 4. e3 Nc6 5. Bb5 Bd7 6. 0-0 e6 7. d3 Nb8 8. Bxd7+ Nbxd7 9. Qe2 Qc7 10. e4 d4 11. c3 e5 12. cxd4 cxd4 13. Na3 a6 14. Rac1 Qb8 15. Nc4 Be7 16. Nh4 0-0 17. Nf5 Re8 18. g3 Bf8 19. f4 exf4 20. gxf4 Re6 21. Kh1 b5 22. Nd2 Nd5 23. Qf3 Ne3 24. Nxe3 dxe3 25. Qxe3 f5 26. Qh3 Rh6 27. Qxf5 Qd8 28. Nf3 Ra7 29. Qd5+ Kh8 30. Ng5 1-0

[Event "Baden Casino op 2nd"]
[Site "Baden"]
[Date "1997.??.??"]
[Round "?"]
[White "Gruenenwald, Evi"]
[Black "Kaenel, Hansjuerg"]
[Result "0-1"]
[WhiteElo "2030"]
[BlackElo "2345"]
[PlyCount "78"]
[EventDate "1997.04.??"]
[EventType "swiss"]
[EventRounds "9"]
[EventCountry "SUI"]
[SourceTitle "EXT 1999"]
[Source "ChessBase"]
[SourceDate "1998.11.16"]
[SourceVersion "1"]
[SourceVersionDate "1998.11.16"]
[SourceQuality "1"]

1. d4 Nf6 2. c4 c5 3. d5 b5 4. cxb5 a6 5. bxa6 Bxa6 6. Nc3 g6 7. e4 Bxf1 8. Kxf1 d6 9. g3 Bg7 10. Kg2 Nbd7 11. h3 0-0 12. Nf3 Ra6 13. Re1 Qa8 14. Re2 Rb8 15. Qc2 Rab6 16. Rb1 Ne8 17. b3 Qa6 18. Na4 Rb4 19. Re3 c4 20. Bd2 R4b7 21. Bc3 cxb3 22. axb3 Rc7 23. Qd3 Qxd3 24. Rxd3 Ra7 25. Bxg7 Kxg7 26. Rc1 Rb4 27. Nd2 Ne5 28. Rdc3 Rd4 29. R1c2 f5 30. exf5 gxf5 31. Nb6 Nf6 32. Nf3 Nxf3 33. Rxf3 Rb7 34. Nc8 Rxd5 35. Re2 Kf7 36. g4 fxg4 37. hxg4 Rc5 38. Rxe7+ Rxe7 39. Nxd6+ Kg6 0-1

[Event "SUI-ch int (Women)"]
[Site "Arosa"]
[Date "1996.07.19"]
[Round "9"]
[White "Gruenenwald, Evi"]
[Black "Wettstein, Carla"]
[Result "1-0"]
[WhiteElo "2030"]
[BlackElo "1750"]
[PlyCount "107"]
[EventDate "1996.07.11"]
[EventType "swiss"]
[EventRounds "9"]
[EventCountry "SUI"]
[SourceTitle "EXT 2006"]
[Source "ChessBase"]
[SourceDate "2005.11.24"]
[SourceVersion "1"]
[SourceVersionDate "2005.11.24"]
[SourceQuality "1"]

1. d4 Nf6 2. c4 g6 3. Nc3 Bg7 4. e4 d6 5. Be2 0-0 6. Nf3 Nc6 7. 0-0 e5 8. d5 Ne7 9. Bg5 h6 10. Bh4 Nh5 11. Nd2 Nf4 12. f3 g5 13. Bf2 a6 14. c5 Nxe2+ 15. Qxe2 Bd7 16. cxd6 cxd6 17. Nc4 b5 18. Nb6 Rb8 19. Nxd7 Qxd7 20. Rac1 Rbc8 21. a3 Ng6 22. g3 h5 23. Be3 f6 24. Na2 h4 25. g4 Rxc1 26. Rxc1 Rc8 27. Rc2 Ne7 28. Qd2 Rc4 29. b3 Rxc2 30. Qxc2 Qc8 31. Qxc8+ Nxc8 32. Nb4 a5 33. Na6 Bf8 34. b4 axb4 35. axb4 Be7 36. Nc7 Bd8 37. Nxb5 Kf7 38. Kf2 Ke7 39. Ke2 Kd7 40. Kd3 Ne7 41. h3 Ng6 42. Kc4 Nf4 43. Bxf4 gxf4 44. Na3 Bc7 45. Kb5 Bb8 46. Kb6 Bc7+ 47. Kb7 Bd8 48. Nc4 Bc7 49. b5 Bd8 50. b6 Be7 51. Na5 Bd8 52. Nc6 Ke8 53. Nxd8 Kxd8 54. Ka8 1-0

[Event "SUI-ch int (Women)"]
[Site "Arosa"]
[Date "1996.07.16"]
[Round "6"]
[White "Winter, Irene"]
[Black "Gruenenwald, Evi"]
[Result "1-0"]
[WhiteElo "2005"]
[BlackElo "2030"]
[PlyCount "49"]
[EventDate "1996.07.11"]
[EventType "swiss"]
[EventRounds "9"]
[EventCountry "SUI"]
[SourceTitle "EXT 2006"]
[Source "ChessBase"]
[SourceDate "2005.11.24"]
[SourceVersion "1"]
[SourceVersionDate "2005.11.24"]
[SourceQuality "1"]

1. e4 d5 2. exd5 Qxd5 3. Nc3 Qa5 4. Bc4 Nf6 5. Nf3 Bg4 6. 0-0 e6 7. d4 c6 8. Bf4 Qf5 9. Bg3 Bxf3 10. gxf3 Be7 11. Re1 Nbd7 12. Bd3 Qa5 13. Ne4 Qb6 14. Bc4 0-0 15. c3 Nxe4 16. fxe4 Qxb2 17. Re3 b5 18. Bb3 Nf6 19. Rb1 Qa3 20. e5 Nd5 21. Bxd5 cxd5 22. Rxb5 Qxa2 23. Rb7 Bd8 24. Re2 Bb6 25. Rxa2 1-0

[Event "SUI-ch int (Women)"]
[Site "Arosa"]
[Date "1996.07.13"]
[Round "3"]
[White "Mira, Helene"]
[Black "Gruenenwald, Evi"]
[Result "1-0"]
[WhiteElo "2185"]
[BlackElo "2030"]
[PlyCount "102"]
[EventDate "1996.07.11"]
[EventType "swiss"]
[EventRounds "9"]
[EventCountry "SUI"]
[SourceTitle "EXT 2006"]
[Source "ChessBase"]
[SourceDate "2005.11.24"]
[SourceVersion "1"]
[SourceVersionDate "2005.11.24"]
[SourceQuality "1"]

1. d4 d5 2. c4 e6 3. Nf3 c5 4. cxd5 exd5 5. Bg5 Be7 6. Bxe7 Nxe7 7. dxc5 0-0 8. Nbd2 Qa5 9. e3 Qxc5 10. Nb3 Qb4+ 11. Qd2 Qxd2+ 12. Kxd2 Nbc6 13. Nfd4 Rd8 14. Rc1 Ne5 15. Be2 N7c6 16. Rc5 Nc4+ 17. Kc1 Nb4 18. Rb5 a5 19. a3 Nc6 20. Nxc6 bxc6 21. Rc5 a4 22. Bxc4 axb3 23. Bxb3 Bd7 24. Rd1 Rdb8 25. Bc2 Ra6 26. Rd4 Rab6 27. b4 g6 28. e4 Be6 29. exd5 Bxd5 30. Be4 Ra8 31. Bxd5 cxd5 32. Kb2 Rba6 33. Rd3 d4 34. Rc4 Rf6 35. f3 h5 36. Rcxd4 Rfa6 37. Rd8+ Kg7 38. Rxa8 Rxa8 39. h4 Re8 40. g3 Kf6 41. a4 Re2+ 42. Kc3 Rg2 43. f4 Rg1 44. Kc4 Ra1 45. a5 Kf5 46. Kc5 Kg4 47. Kc6 f6 48. Kb6 Rb1 49. b5 g5 50. fxg5 fxg5 51. hxg5 Kxg5 1-0

[Event "GER-chT Federal Cup (Women)"]
[Site "Braunfels"]
[Date "1996.??.??"]
[Round "?"]
[White "Schmitz, Manuela"]
[Black "Gruenenwald, Evi"]
[Result "1/2-1/2"]
[WhiteElo "2120"]
[BlackElo "2055"]
[PlyCount "115"]
[EventDate "1996.??.??"]
[EventType "team-swiss"]
[EventRounds "5"]
[EventCountry "GER"]
[SourceTitle "EXT 1999"]
[Source "ChessBase"]
[SourceDate "1998.11.16"]
[SourceVersion "1"]
[SourceVersionDate "1998.11.16"]
[SourceQuality "1"]

1. d4 d5 2. c4 e6 3. Nc3 c5 4. cxd5 exd5 5. Nf3 Nc6 6. Bg5 Be7 7. Bxe7 Ngxe7 8. e3 c4 9. b3 cxb3 10. Qxb3 Bf5 11. Bb5 0-0 12. Bxc6 bxc6 13. 0-0 h6 14. Rfc1 Qd6 15. Na4 Rab8 16. Qc3 Rb4 17. Nc5 Rb5 18. Ne5 Ng6 19. Nxg6 Bxg6 20. Nb3 Rc8 21. Qd2 Bf5 22. Rc5 Qg6 23. f3 h5 24. Rac1 Bd3 25. Na5 Rxc5 26. Rxc5 Bb5 27. Qc1 Qe6 28. Kf2 a6 29. Qc2 Re8 30. Qc1 Qg6 31. Nxc6 Qd3 32. Ne5 Qe2+ 33. Kg1 f6 34. Rc2 Qf1+ 35. Qxf1 Bxf1 36. Kxf1 fxe5 37. dxe5 Rxe5 38. Kf2 Re6 39. Ke2 Kf7 40. Rc5 d4 41. e4 Rg6 42. g3 h4 43. Kd3 hxg3 44. hxg3 Rxg3 45. Rf5+ Ke7 46. Kxd4 g6 47. Rf4 Rg2 48. Rg4 Rxa2 49. Rxg6 Ra3 50. Kd5 Rxf3 51. Rxa6 Rh3 52. Ra7+ Ke8 53. Kd6 Rh6+ 54. Kd5 Rh5+ 55. e5 Rh6 56. e6 Rh1 57. Kd6 Rd1+ 58. Ke5 1/2-1/2

[Event "SUI-ch int (Women)"]
[Site "Luzern"]
[Date "1994.07.21"]
[Round "8"]
[White "Gruenenwald, Evi"]
[Black "Stolz, Claudia"]
[Result "1-0"]
[WhiteElo "1960"]
[BlackElo "1830"]
[PlyCount "65"]
[EventDate "1994.07.14"]
[EventType "tourn"]
[EventRounds "9"]
[EventCountry "SUI"]
[SourceTitle "EXT 1999"]
[Source "ChessBase"]
[SourceDate "1998.11.16"]
[SourceVersion "1"]
[SourceVersionDate "1998.11.16"]
[SourceQuality "1"]

1. d4 Nf6 2. c4 c5 3. d5 b5 4. cxb5 a6 5. f3 g6 6. e4 axb5 7. Bxb5 Ba6 8. Bxa6 Nxa6 9. e5 Ng8 10. Nc3 Bg7 11. f4 Nh6 12. Nf3 d6 13. Qa4+ Kf8 14. 0-0 Nb4 15. Qd1 Qb6 16. Be3 Ng4 17. Re1 dxe5 18. fxe5 Nxe5 19. Nxe5 Bxe5 20. a3 Na6 21. Bh6+ Bg7 22. Bxg7+ Kxg7 23. Rxe7 Qxb2 24. Qe1 Rad8 25. Qe5+ Kg8 26. Rf1 Rf8 27. Qf6 Qd2 28. Rd1 Qb2 29. d6 Qb6 30. Rb1 Qd8 31. Rbb7 Nb8 32. Nd5 Nc6 33. Rxf7 1-0

[Event "SUI-ch int (Women)"]
[Site "Luzern"]
[Date "1994.07.17"]
[Round "4"]
[White "Bilinski, Vanda"]
[Black "Gruenenwald, Evi"]
[Result "0-1"]
[WhiteElo "1875"]
[BlackElo "1960"]
[PlyCount "103"]
[EventDate "1994.07.14"]
[EventType "tourn"]
[EventRounds "9"]
[EventCountry "SUI"]
[SourceTitle "EXT 1999"]
[Source "ChessBase"]
[SourceDate "1998.11.16"]
[SourceVersion "1"]
[SourceVersionDate "1998.11.16"]
[SourceQuality "1"]

1. e4 e5 2. Nf3 Nf6 3. Nc3 Nc6 4. d3 Bb4 5. Bd2 0-0 6. h3 Re8 7. a3 Bxc3 8. Bxc3 d5 9. exd5 Nxd5 10. Be2 Nxc3 11. bxc3 Bf5 12. Nh2 Qg5 13. g4 Be6 14. Qd2 Qe7 15. 0-0 f5 16. gxf5 Bxf5 17. Bg4 Rf8 18. Kg2 Rf6 19. f3 Bg6 20. f4 Raf8 21. fxe5 Nxe5 22. Rxf6 Qxf6 23. Rf1 Qc6+ 24. Kg3 Rxf1 25. Nxf1 h5 26. Bc8 h4+ 27. Kf2 Qf6+ 28. Kg2 Qc6+ 29. Kf2 Qf3+ 30. Kg1 Qd5 31. Kf2 Qf7+ 32. Kg2 Qd5+ 33. Kf2 Be8 34. Qe3 Bc6 35. Ke1 Nf3+ 36. Ke2 Qd8 37. Be6+ Kh8 38. Bg4 Ng5 39. Kd2 Ne4+ 40. Ke1 Nxc3 41. Qxa7 Qf8 42. Nd2 Nb5 43. Qa5 Qf6 44. c4 b6 45. Qb4 Nd4 46. c5 b5 47. Qb2 Qe5+ 48. Kd1 Qxc5 49. Ne4 Bxe4 50. dxe4 Qd6 51. Ke1 Qf4 52. Qb1 0-1

[Event "SUI-ch int (Women)"]
[Site "Luzern"]
[Date "1994.07.15"]
[Round "2"]
[White "Bieri, Carmen"]
[Black "Gruenenwald, Evi"]
[Result "0-1"]
[WhiteElo "1605"]
[BlackElo "1960"]
[PlyCount "112"]
[EventDate "1994.07.14"]
[EventType "tourn"]
[EventRounds "9"]
[EventCountry "SUI"]
[SourceTitle "EXT 1999"]
[Source "ChessBase"]
[SourceDate "1998.11.16"]
[SourceVersion "1"]
[SourceVersionDate "1998.11.16"]
[SourceQuality "1"]

1. e4 d5 2. exd5 Qxd5 3. Nc3 Qa5 4. d4 Nf6 5. Bb5+ c6 6. Bc4 Bf5 7. Bd2 Qc7 8. Nf3 e6 9. 0-0 Bd6 10. Ne2 Ne4 11. Be1 Nd7 12. Bd3 Ndf6 13. Ng3 Nxg3 14. fxg3 Bg6 15. Ng5 0-0-0 16. c4 Bxd3 17. Qxd3 Kb8 18. Qc3 c5 19. dxc5 Bxc5+ 20. Kh1 e5 21. Qf3 h6 22. Ne4 Nxe4 23. Qxe4 Rd4 24. Qe2 Rd7 25. Bc3 f6 26. Rad1 Rhd8 27. b4 Bd4 28. Bxd4 Rxd4 29. Rxd4 Rxd4 30. Rc1 Qd7 31. Ra1 Rd2 32. Qf3 Qd4 33. Rc1 Rf2 34. Qb3 Qe4 35. Rg1 Qc2 36. Qe3 Re2 37. Qc5 Qg6 38. Qf8+ Kc7 39. Qc5+ Kb8 40. Qf8+ Kc7 41. Qc5+ Kd7 42. Qb5+ Kc8 43. Qc5+ Kd8 44. Qxa7 Qe4 45. Qc5 Ke8 46. Qc8+ Kf7 47. Qc7+ Kg6 48. Qd7 Rxa2 49. Qe8+ Kh7 50. Qh5 Rc2 51. Qd1 Rxc4 52. Re1 Qc2 53. Qxc2+ Rxc2 54. Rb1 b5 55. Kg1 Kg6 56. h4 Kf5 0-1

[Event "SUI-chT"]
[Site "Switzerland"]
[Date "1994.??.??"]
[Round "9"]
[White "Ineichen, Hanspeter"]
[Black "Gruenenwald, Evi"]
[Result "1/2-1/2"]
[WhiteElo "1910"]
[BlackElo "1975"]
[PlyCount "42"]
[EventDate "1994.??.??"]
[EventType "team-tourn"]
[EventRounds "9"]
[EventCountry "SUI"]
[SourceTitle "EXT 2000"]
[Source "ChessBase"]
[SourceDate "1999.11.16"]
[SourceVersion "1"]
[SourceVersionDate "1999.11.16"]
[SourceQuality "1"]

1. d4 d5 2. c4 e6 3. Nc3 c5 4. cxd5 exd5 5. Nf3 Nc6 6. g3 Nf6 7. Bg2 Be7 8. 0-0 0-0 9. Bg5 cxd4 10. Nxd4 h6 11. Be3 Re8 12. Nxc6 bxc6 13. Na4 Bg4 14. Rc1 Qa5 15. a3 Bxe2 16. Qxe2 Qxa4 17. Qc2 Qb5 18. Qxc6 Qxb2 19. Bxd5 Nxd5 20. Qxd5 Qxa3 21. Ra1 Qd6 1/2-1/2